| 000 | 00531nam a2200193 i 4500 | ||
|---|---|---|---|
| 001 | 22859 | ||
| 003 | ES-MaACL | ||
| 005 | 20250730063050.0 | ||
| 007 | t| | ||
| 008 | 021205s1969 sp ||||1| baq d | ||
| 080 | _a811.361(075.4) | ||
| 100 | 1 |
_aAltuna, Patxi, _d1927-2006 _920563 |
|
| 245 | 1 | 0 |
_aEuskera, ire laguna!. _n2 / _cPatxi Altuna. |
| 260 |
_aBilbao : _bMensajero, _c[1969] |
||
| 300 |
_a1 v. ; _c19 cm. |
||
| 650 | 4 |
_aLengua vasca- _vMétodos. _914339 |
|
| 852 | 4 |
_aES-MaACL _jP-1858 |
|
| 999 |
_c22859 _d22859 |
||